[Event "3. Oeffinger Schachopen 2012"]
[Site "Oeffingen"]
[Date "2012.05.29"]
[Round "7.4"]
[White "Heining, Thomas"]
[Black "Gustain, Marc"]
[Result "1/2-1/2"]
[WhiteElo "2030"]
[BlackElo "2063"]
[PlyCount "64"]
[EventDate "2012.??.??"]

1. e4 c5 2. Nf3 d6 3. d4 cxd4 4. Nxd4 Nf6 5. Nc3 a6 6. Bc4 e6 7. Bb3 b5 8. a3 {
(=)} Be7 9. O-O O-O 10. f4 Bb7 11. f5 e5 12. Nde2 Nbd7 13. Ng3 Rc8 14. Qe2 Nc5
15. Ba2 Qc7 16. Bg5 Ncd7 17. Rac1 b4 18. axb4 Qb6+ 19. Kh1 Qxb4 20. Bb3 a5 21.
Nh5 a4 22. Bxf6 Nxf6 23. Nxf6+ Bxf6 24. Bd5 a3 25. bxa3 Qxc3 26. Bxb7 Rc7 27.
Bd5 Qxa3 28. c4 Bg5 29. Ra1 Qe3 30. Qxe3 Bxe3 31. Ra6 Bc5 32. Rfa1 Rb8 {(=)}
1/2-1/2

[Event "3. Oeffinger Schachopen 2012"]
[Site "Oeffingen"]
[Date "2012.05.29"]
[Round "7.5"]
[White "Engbrecht, Helmut"]
[Black "Büchele, Markus"]
[Result "1/2-1/2"]
[WhiteElo "1899"]
[BlackElo "1621"]
[PlyCount "102"]
[EventDate "2012.??.??"]

1. e4 d5 2. Nc3 dxe4 3. f3 exf3 4. Nxf3 Nf6 5. d4 c6 6. Bc4 Bg4 7. Bxf7+ Kxf7
8. Ne5+ Ke8 9. Nxg4 Nbd7 10. O-O Nxg4 11. Qxg4 Nf6 12. Qh4 Qd6 13. Ne2 Rd8 14.
c3 Qe6 15. Nf4 Qg4 16. Qe1 Rd6 17. h3 Qd7 18. b4 g5 19. Nd3 Rg8 20. Nc5 Qc8 21.
Ne4 Nxe4 22. Qxe4 Rdg6 {(=)} 23. Bd2 Qe6 24. Rae1 Qxe4 25. Rxe4 h6 26. Rfe1 Kd7
27. g3 Rf6 28. Kg2 e6 29. a4 Bd6 30. c4 Rgf8 31. R1e2 Rf3 32. Be1 R8f6 33. c5
Bf8 34. Rf2 Rxf2+ 35. Bxf2 Bg7 36. g4 a6 37. Bg3 Rf7 38. Bd6 Bf6 {(=)} 39. Bh2
Bg7 40. Bg1 Rf8 41. Re1 Rf7 42. Re2 Re7 43. Rd2 Rf7 44. Rf2 Rxf2+ 45. Bxf2 e5
46. Kf3 exd4 47. Ke4 d3 48. Kxd3 Ke6 49. Bd4 Be5 50. Ke4 Bxd4 51. Kxd4 Kf6
1/2-1/2

[Event "3. Oeffinger Schachopen 2012"]
[Site "Oeffingen"]
[Date "2012.05.29"]
[Round "7.6"]
[White "Osmanovic, Faruk"]
[Black "Süss, Stefan"]
[Result "1-0"]
[WhiteElo "1974"]
[BlackElo "1849"]
[PlyCount "137"]
[EventDate "2012.??.??"]

1. e4 d5 2. exd5 Qxd5 3. Nf3 Nf6 4. Be2 g6 5. O-O Bg7 6. c4 Qd8 7. d4 O-O 8.
Nc3 c6 9. h3 b6 10. Bf4 Bb7 11. Qc2 Na6 12. Rad1 Nb4 13. Qc1 a5 14. Rfe1 Ra7
15. a3 Na6 16. Qc2 Nc7 17. d5 cxd5 18. Bxc7 Qxc7 19. Nb5 Qb8 20. Nxa7 Qxa7 21.
Bf1 e6 22. cxd5 Nxd5 23. Nd4 Qa8 24. Nb5 Rc8 25. Qb3 Bf8 26. Qg3 Qb8 27. Qxb8
Rxb8 28. g3 Bc5 29. Bg2 Ba6 30. Nd4 Bb7 31. Nb3 Bf8 32. Rc1 Bg7 33. Rc2 Bf6 34.
Nd2 Kg7 35. Ne4 Be7 36. Nc3 Nxc3 37. Rxc3 Bf6 38. Rc2 Ba6 39. Rd1 Be7 40. Rc7
Bc5 41. Rdd7 Rf8 42. Bf1 Bxf1 43. Kxf1 h5 44. Ke2 Kf6 45. f4 Kg7 46. g4 g5 47.
fxg5 hxg4 48. hxg4 Kg6 49. Kf3 Bg1 50. b4 axb4 51. axb4 e5 52. Ke4 Bd4 53. b5
Bb2 54. Kd5 Bd4 55. Re7 Rd8+ 56. Ke4 Rf8 57. Rcd7 Bb2 58. Rd6+ Kxg5 59. Rxb6
Kxg4 60. Rf6 Rd8 61. Rexf7 Rd4+ 62. Ke3 Bc1+ 63. Ke2 Re4+ 64. Kd1 Bf4 65. b6
Kf3 66. b7 Rb4 67. Re6 Rd4+ 68. Kc2 Rd8 69. Rc6 1-0

[Event "3. Oeffinger Schachopen 2012"]
[Site "Oeffingen"]
[Date "2012.05.29"]
[Round "7.7"]
[White "Alber, Wilhelm"]
[Black "Schaffert, Walter"]
[Result "0-1"]
[WhiteElo "1799"]
[BlackElo "1939"]
[PlyCount "58"]
[EventDate "2012.??.??"]

1. Nf3 Nf6 2. c4 g6 3. b3 Bg7 4. Bb2 O-O 5. g3 d6 6. Bg2 e5 7. d3 Nc6 8. O-O h6
9. Nc3 Be6 10. h3 Qd7 11. Kh2 Nh5 12. e3 f5 13. Ng1 Rad8 14. Nd5 Nb8 15. f4
exf4 16. Bxg7 fxg3+ 17. Kh1 Qxg7 18. Ne2 Rde8 19. Nef4 Nxf4 20. Nxf4 Bc8 21.
Rf3 g5 22. Rxg3 Kh7 23. h4 g4 24. d4 Nd7 25. Qd3 Nf6 26. Rf1 h5 27. d5 Qe7 28.
Nxh5 Nxh5 29. Rxg4 Qxe3 0-1

[Event "3. Oeffinger Schachopen 2012"]
[Site "Oeffingen"]
[Date "2012.05.29"]
[Round "7.8"]
[White "Kolb, Roland"]
[Black "Kaplunov, Dr. Vadym"]
[Result "0-1"]
[WhiteElo "1828"]
[BlackElo "1888"]
[PlyCount "106"]
[EventDate "2012.??.??"]

1. c4 e6 2. Nc3 d5 3. g3 g6 4. Bg2 c6 5. b3 Bg7 6. Rb1 Ne7 7. Bb2 O-O 8. Nf3
Nd7 9. d4 Rb8 10. O-O b5 11. cxb5 cxb5 12. Qd2 a6 13. h4 h6 14. Rbc1 Re8 15.
Rc2 a5 16. Qf4 Ba6 17. Rfc1 Rc8 18. a4 b4 19. Nd1 Rxc2 20. Rxc2 Qb6 21. Nh2 Rc8
22. Rxc8+ Nxc8 23. e4 dxe4 24. Bxe4 Nf6 25. Bf3 Qd6 26. Qc1 Ne7 27. Ng4 Nxg4
28. Bxg4 Bb7 29. Qc5 Qd5 30. f3 Qxc5 31. dxc5 Bd5 32. f4 Bxb3 33. Bxg7 Kxg7 34.
Nb2 Kf8 35. Be2 Ke8 36. Kf2 Kd7 37. Bb5+ Kc7 38. Ke3 Nf5+ 39. Kd3 Nxg3 40. Be8
Nf5 41. Nc4 Bxc4+ 42. Kxc4 Ne3+ 43. Kd4 Ng2 44. Bxf7 Nxf4 45. Be8 g5 46. hxg5
hxg5 47. Bb5 Ng6 48. Bd3 Nf4 49. Bc4 Kd7 50. Bb5+ Ke7 51. Bc4 Nd5 52. Ke5 g4
53. c6 g3 0-1